00765nam a2200241 a 450000100060000000300080000600500170001400800410003103500190007204000270009104100080011808200210012610000310014724500650017825000120024326000310025530000200028665000200030665000280032694200120035499900170036695201400038362763BD-RjUL20211209081123.0860101s1955 n 000 0 eng u a(BD-RjUL)62890 aCSUdEQObengcBD-RjUL aeng a658.85bLEP 19551 aLeterman, Elmer G.918655410aPersonal power through creative selling /cElmer G. Leterman a1st ed. aNew York :bHarper,cc1955 a291 p. ;c22 cm 0aSelling9182914 0aSales personnel9184302 2ddccBK c62763d62763 00102ddc40718NFICaRUCLbRUCLcReadingd1957-05-22eFiroz sonsg20.00l0o658.85 LEP 1955r2017-01-25 00:00:00tC-1w2017-01-25yBK